[Event "Cto Aragon Equipos 2016 Pref Gr II"]
[Site "Aragon"]
[Date "2016.02.06"]
[Round "2.56"]
[White "Arbiol Val, Sergio"]
[Black "Salas Latorre, Jose"]
[Result "1/2-1/2"]
[WhiteElo "1552"]
[BlackElo "1772"]
[PlyCount "90"]
[EventDate "2016.01.30"]
[WhiteTeam "Actur Rey Fernando"]
[BlackTeam "Jaime Casas B"]

1. e4 c6 2. d4 d5 3. exd5 cxd5 4. Bd3 Nf6 5. c3 Nc6 6. Bf4 Bg4 7. Qb3 Qd7 8.
Nd2 e6 9. Ngf3 Bxf3 10. Nxf3 Be7 11. Ne5 Qc8 12. O-O O-O 13. Rac1 Nxe5 14. Bxe5
a6 15. c4 Qd7 16. f4 dxc4 17. Rxc4 Nd5 18. f5 Bf6 19. Bxf6 Nxf6 20. fxe6 Qxe6
21. Bf5 Qd5 22. Qd3 Rad8 23. Bh3 Rfe8 24. Rf5 Qe6 25. Rcc5 Qb6 26. Qc4 Qxb2 27.
d5 Re1+ 28. Rf1 Qe5 29. Rc8 Qe3+ 30. Kh1 Rxf1+ 31. Qxf1 Qe7 32. g3 Rxc8 33.
Bxc8 Qe4+ 34. Qg2 Qe1+ 35. Qg1 Qxg1+ 36. Kxg1 Nxd5 37. Bxb7 Nc7 38. Kf2 f5 39.
Ke3 Kf7 40. Bc8 Kf6 41. Kf4 g5+ 42. Kf3 Ke5 43. Ke3 a5 44. a4 Nd5+ 45. Kf3 h5
1/2-1/2

[Event "Cto Aragon Equipos 2016 Pref Gr II"]
[Site "Aragon"]
[Date "2016.02.06"]
[Round "2.57"]
[White "Malo Guillen, Jose Luis"]
[Black "Fabre Perez, Jose Maria"]
[Result "1/2-1/2"]
[WhiteElo "2148"]
[BlackElo "2057"]
[PlyCount "59"]
[EventDate "2016.01.30"]
[WhiteTeam "Las Fuentes"]
[BlackTeam "Marcos Frechin B"]

1. d4 Nf6 2. c4 e6 3. Nf3 d5 4. g3 dxc4 5. Bg2 Bb4+ 6. Bd2 c5 7. dxc5 Bxc5 8.
O-O O-O 9. Qc2 Nbd7 10. Qxc4 b5 11. Qd3 Bb7 12. Qxb5 Rb8 13. Qa4 Qb6 14. Nc3
Bc6 15. Qc4 Bxf3 16. Bxf3 Ne5 17. Qf4 Nxf3+ 18. Qxf3 Qxb2 19. Bf4 Rb4 20. Rfc1
Rc4 21. Qd3 Bxf2+ 22. Kxf2 Rxc3 23. Rab1 Ng4+ 24. Kg2 Rxd3 25. Rxb2 Rd7 26. Rb8
f6 27. Rcc8 Rxc8 28. Rxc8+ Kf7 29. h3 Ne5 30. Bxe5 1/2-1/2

[Event "Cto Aragon Equipos 2016 Pref Gr II"]
[Site "Aragon"]
[Date "2016.02.06"]
[Round "2.58"]
[White "Sancho Cortes, Miguel Angel"]
[Black "Alonso Blasco, Jose Miguel"]
[Result "1-0"]
[WhiteElo "2043"]
[BlackElo "2064"]
[PlyCount "55"]
[EventDate "2016.01.30"]
[WhiteTeam "Marcos Frechin B"]
[BlackTeam "Las Fuentes"]

1. e4 c6 2. d4 d5 3. Nd2 dxe4 4. Nxe4 Nf6 5. Nxf6+ gxf6 6. c3 Bf5 7. Bc4 e6 8.
Ne2 Nd7 9. Bf4 Nb6 10. Bb3 Nd5 11. Bg3 h5 12. h4 Bh6 13. O-O Bg4 14. c4 Ne7 15.
f3 Nf5 16. fxg4 Nxg3 17. Nxg3 Be3+ 18. Rf2 hxg4 19. Qxg4 Bxd4 20. Rd1 Bxf2+ 21.
Kxf2 Qb6+ 22. Ke2 Ke7 23. Qf4 c5 24. Ne4 e5 25. Qf5 Rxh4 26. Rd7+ Kf8 27. Nd6
Rf4 28. Rxf7+ 1-0

[Event "Cto Aragon Equipos 2016 Pref Gr II"]
[Site "Aragon"]
[Date "2016.02.06"]
[Round "2.59"]
[White "Querol Soro, Sergio"]
[Black "Gaspar Calvo, Luis Alberto"]
[Result "1/2-1/2"]
[WhiteElo "1963"]
[BlackElo "1930"]
[PlyCount "90"]
[EventDate "2016.01.30"]
[WhiteTeam "Las Fuentes"]
[BlackTeam "Marcos Frechin B"]

1. Nf3 c5 2. g3 Nf6 3. Bg2 Nc6 4. d4 cxd4 5. Nxd4 g6 6. O-O Bg7 7. c3 O-O 8. e4
d6 9. Nd2 Bd7 10. Re1 Rc8 11. N2f3 a6 12. Nxc6 Bxc6 13. Nd4 Bd7 14. h3 b5 15.
e5 dxe5 16. Rxe5 Nh5 17. Rxh5 gxh5 18. Qxh5 Qb6 19. Be4 h6 20. Nf5 Bxf5 21.
Qxf5 Rfd8 22. Be3 Qf6 23. Qh7+ Kf8 24. Re1 a5 25. Bf4 b4 26. cxb4 axb4 27. Bb1
Rd7 28. Be5 Qxe5 29. Rxe5 Bxe5 30. Bf5 e6 31. Bc2 Bxb2 32. Bb3 Bg7 33. Qe4 Rd4
34. Qb7 Rcd8 35. Qf3 Kg8 36. Qb7 Bf8 37. Qc6 Rd2 38. Qe4 Bc5 39. Qg4+ Kf8 40.
Qf4 Bxf2+ 41. Kf1 R8d4 42. Qxh6+ Ke7 43. Qg5+ Kf8 44. Qh6+ Ke7 45. Qg5+ Kf8
1/2-1/2

[Event "Cto Aragon Equipos 2016 Pref Gr II"]
[Site "Aragon"]
[Date "2016.02.06"]
[Round "2.60"]
[White "Ruiperez Gumiel, Ramon"]
[Black "Mombiela De Sus, Jose Luis"]
[Result "1-0"]
[WhiteElo "1872"]
[BlackElo "1926"]
[PlyCount "83"]
[EventDate "2016.01.30"]
[WhiteTeam "Marcos Frechin B"]
[BlackTeam "Las Fuentes"]

1. b3 d6 2. Bb2 e5 3. c4 f5 4. e3 Nf6 5. d3 g6 6. h4 h6 7. Nd2 Bg7 8. Qc2 c5 9.
Be2 Nc6 10. a3 Be6 11. Bf3 Bf7 12. b4 Qe7 13. Bxc6+ bxc6 14. bxc5 dxc5 15.
O-O-O Ng4 16. Nf1 O-O 17. f3 Nf6 18. e4 Be6 19. Ne2 Qc7 20. Kb1 Rab8 21. Ka1
Rb6 22. Rb1 Rfb8 23. Nd2 h5 24. Bc3 R8b7 25. Nb3 Ra6 26. Ka2 Nd7 27. Nd2 Rab6
28. Ba5 Qb8 29. Bxb6 axb6 30. Nc3 b5 31. Ka1 Bh6 32. cxb5 cxb5 33. Nd5 Bxd2 34.
Qxd2 Ra7 35. Kb2 Bxd5 36. exd5 Qa8 37. Qc3 Qxd5 38. Qb3 c4 39. Qc2 Nc5 40. dxc4
bxc4 41. Rhc1 Nd3+ 42. Ka2 1-0

[Event "Cto Aragon Equipos 2016 Pref Gr II"]
[Site "Aragon"]
[Date "2016.02.06"]
[Round "2.61"]
[White "Sig Vargas, Pablo"]
[Black "Felez Casedas, Carlos"]
[Result "0-1"]
[WhiteElo "1885"]
[BlackElo "2012"]
[PlyCount "116"]
[EventDate "2016.01.30"]
[WhiteTeam "SMA Barbastro"]
[BlackTeam "L'Aurora Estadilla B"]

1. e4 d5 2. exd5 Qxd5 3. Nc3 Qd8 4. Bc4 Nf6 5. d3 c6 6. Nge2 e6 7. O-O Be7 8.
Ng3 Nbd7 9. Nce4 Nxe4 10. Nxe4 Nf6 11. Be3 O-O 12. c3 Qc7 13. Nxf6+ Bxf6 14. d4
b6 15. Qf3 Bb7 16. Bf4 Qc8 17. Qe3 Ba6 {(=)} 18. Bxa6 Qxa6 19. Be5 Bxe5 20.
Qxe5 Rad8 21. f4 Rd5 22. Qe4 c5 23. dxc5 Rxc5 24. Rfd1 Qc8 25. Rd4 Rd8 26. Rad1
Rxd4 27. Rxd4 g6 28. Qd3 Rd5 29. Rxd5 exd5 30. Qxd5 Qg4 31. Qd2 Qf5 32. a3 h5
33. Kf2 Qc5+ 34. Kg3 Qf5 35. h3 Kh7 36. b4 b5 37. Qd4 a6 38. Kh2 Qe6 39. Qe5
Qd7 40. Qf6 Qc7 41. Kh1 Qc4 42. Kh2 Qc7 43. Kg1 Qa7+ 44. Kh1 Kg8 45. f5 Qf2 46.
Qd8+ Kg7 47. Qd4+ Qxd4 48. cxd4 Kf6 49. g4 hxg4 50. fxg6 gxh3 51. gxf7 Kxf7 52.
Kh2 Ke6 53. Kxh3 Kd5 54. Kg3 Kxd4 55. Kf3 Kc3 56. Ke3 Kb3 57. Kd3 Kxa3 58. Kc3
Ka4 0-1

[Event "Cto Aragon Equipos 2016 Pref Gr II"]
[Site "Aragon"]
[Date "2016.02.06"]
[Round "2.62"]
[White "Fuentes Espuna, Juan Antonio"]
[Black "Avellanas Pau, Miguel Angel"]
[Result "1-0"]
[WhiteElo "1956"]
[BlackElo "1883"]
[PlyCount "91"]
[EventDate "2016.01.30"]
[WhiteTeam "L'Aurora Estadilla B"]
[BlackTeam "SMA Barbastro"]

1. d4 Nf6 2. c4 g6 3. Nc3 Bg7 4. e4 d6 5. f4 O-O 6. Nf3 Nbd7 7. Bd3 e5 8. fxe5
dxe5 9. d5 Ne8 10. Bg5 f6 11. Bh4 Qe7 12. O-O Nc5 13. Bc2 a5 14. a3 Bd7 15. Qe2
Nd6 16. b4 axb4 17. axb4 Na6 18. c5 Nf7 19. Qc4 Bg4 20. Bb3 Kh8 21. h3 Bxf3 22.
Rxf3 Ng5 23. Rf2 h6 24. Raf1 Rad8 25. Nb5 Qd7 26. Bxg5 hxg5 27. Nc3 Qe7 28. Na4
Nb8 29. b5 Nd7 30. c6 bxc6 31. bxc6 Nb6 32. Nxb6 cxb6 33. Qb5 Qc7 34. Bc2 Rb8
35. Rb1 Rfd8 36. Bd3 Kh7 37. Qa6 b5 38. Rxb5 Rxb5 39. Qxb5 Rb8 40. Qa6 Rb6 41.
Qa3 Rb8 42. Qa2 Qd6 43. Qa7 f5 44. exf5 e4 45. f6 Qf8 46. Bxe4 1-0

[Event "Cto Aragon Equipos 2016 Pref Gr II"]
[Site "Aragon"]
[Date "2016.02.06"]
[Round "2.64"]
[White "Rodriguez Avellanas, Jose Manu"]
[Black "Sanclemente Aragues, Angel"]
[Result "1/2-1/2"]
[WhiteElo "1784"]
[BlackElo "1699"]
[PlyCount "128"]
[EventDate "2016.01.30"]
[WhiteTeam "L'Aurora Estadilla B"]
[BlackTeam "SMA Barbastro"]

1. c4 c6 2. d4 d5 3. e3 g6 4. Nc3 e6 5. Nf3 a6 6. a3 Nf6 7. c5 Nbd7 8. g3 Bg7
9. Bg2 O-O 10. O-O b6 11. b4 Qc7 12. Rb1 b5 13. Bb2 a5 14. bxa5 Rxa5 15. Na2
Bb7 16. Nb4 Ne4 17. Nd2 Nxd2 18. Qxd2 e5 19. Rfd1 Re8 20. Ra1 e4 21. Ra2 Nf8
22. Rda1 Ra4 23. Rf1 Ne6 24. Raa1 Bc8 25. Qe2 Ng5 26. f4 exf3 27. Bxf3 Bh3 28.
Bg2 Bxg2 29. Kxg2 Ne4 30. Rad1 Bh6 31. Qf3 f5 32. Rfe1 Bg7 33. Qf4 Qd7 34. Rf1
Nxc5 35. dxc5 Bxb2 36. Qd6 Qxd6 37. cxd6 Rd8 38. Nxc6 Rxd6 39. Ne7+ Kg7 40.
Nxd5 Rxa3 41. Rb1 Rxd5 42. Rxb2 Rxe3 43. Rfb1 Ree5 44. Kf3 Kf6 45. Rb3 g5 46.
R1b2 g4+ 47. Kg2 Kg5 48. h4+ gxh3+ 49. Kxh3 f4 50. Kg2 fxg3 51. Rxg3+ Kf6 52.
Rh3 h5 53. Rf3+ Kg6 54. Rfb3 h4 55. Kh2 Kh5 56. Kh3 Rg5 57. Rb4 Rd3+ 58. Kh2
Rdd5 59. Kh3 Rd3+ 60. Kh2 Rf3 61. Rxb5 Rxb5 62. Rxb5+ Kg4 63. Rb4+ Rf4 64.
Rxf4+ Kxf4 1/2-1/2

[Event "Cto Aragon Equipos 2016 Pref Gr II"]
[Site "Aragon"]
[Date "2016.02.06"]
[Round "2.65"]
[White "Accattato Martin, Mario"]
[Black "Dominguez Luzon, Fernando"]
[Result "1-0"]
[WhiteElo "2240"]
[BlackElo "1975"]
[PlyCount "51"]
[EventDate "2016.01.30"]
[WhiteTeam "Monzon"]
[BlackTeam "Delicias B"]

1. e4 c5 2. Nf3 d6 3. d4 cxd4 4. Qxd4 Nc6 5. Bb5 Bd7 6. Bxc6 Bxc6 7. Nc3 Nf6 8.
Bg5 e6 9. O-O-O Be7 10. Qd3 O-O 11. Nd4 Rc8 12. f4 Qa5 13. f5 e5 14. Bxf6 Bxf6
15. Nb3 Qb6 16. Qxd6 Qf2 17. Qd2 Qh4 18. Qe2 Rfd8 19. g3 Qg5+ 20. Kb1 b6 21. a3
a5 22. Rxd8+ Rxd8 23. Rd1 Rxd1+ 24. Qxd1 a4 25. Qd6 axb3 26. h4 1-0

[Event "Cto Aragon Equipos 2016 Pref Gr II"]
[Site "Aragon"]
[Date "2016.02.06"]
[Round "2.66"]
[White "Pes Mateo, Angel"]
[Black "Citoler Serrat, Adriano"]
[Result "1-0"]
[WhiteElo "1967"]
[BlackElo "1936"]
[PlyCount "83"]
[EventDate "2016.01.30"]
[WhiteTeam "Delicias B"]
[BlackTeam "Monzon"]

1. d4 Nf6 2. Nf3 e6 3. Bf4 c5 4. c3 Nc6 5. e3 d5 6. Nbd2 cxd4 7. exd4 Be7 8.
Bd3 a6 9. Ne5 Nxe5 10. dxe5 Nd7 11. Qg4 g6 12. h4 f5 13. exf6 Nxf6 14. Qe2 Nh5
15. Bh6 Bf8 16. Bg5 Be7 17. g4 Ng7 18. Bh6 O-O 19. O-O-O Bd6 20. Nf3 Qf6 21.
Ng5 Qxf2 22. Qxf2 Rxf2 23. h5 Bf4+ 24. Kb1 Bxg5 25. Bxg5 gxh5 26. gxh5 Nf5 27.
Rdg1 Kf7 28. Bxf5 Rxf5 29. Bh6 e5 30. Rg7+ Kf6 31. Rxh7 Be6 32. Rg1 Bf7 33.
Bg7+ Ke7 34. h6 Rc8 35. Bh8 Ke6 36. Bg7 e4 37. Bd4 b5 38. Rhg7 Rh5 39. h7 Rc4
40. Rf1 Rxd4 41. cxd4 Be8 42. Rf8 1-0

[Event "Cto Aragon Equipos 2016 Pref Gr II"]
[Site "Aragon"]
[Date "2016.02.06"]
[Round "2.67"]
[White "Barranco Mananet, Fernando"]
[Black "Sarrio Bambo, Pablo"]
[Result "1-0"]
[WhiteElo "1837"]
[BlackElo "1848"]
[PlyCount "113"]
[EventDate "2016.01.30"]
[WhiteTeam "Monzon"]
[BlackTeam "Delicias B"]

1. c4 e5 2. Nc3 Nf6 3. Nf3 Nc6 4. e3 Be7 5. d4 exd4 6. exd4 d5 7. Be2 O-O 8.
O-O Bf5 9. Nh4 Be6 10. c5 Re8 11. Nf3 a6 12. h3 Qc8 13. Bf4 Nh5 14. Be3 g6 15.
Ng5 Ng7 16. Nxe6 Qxe6 17. Bf3 Rad8 18. Re1 Bf6 19. Qd2 Nf5 20. Bg4 h5 21. Bf4
Qd7 22. Bxf5 Qxf5 23. Bxc7 Nxd4 24. Bxd8 Rxd8 25. Re3 Qg5 26. Rd1 h4 27. Rd3
Ne6 28. Qxg5 Bxg5 29. Rxd5 Rxd5 30. Rxd5 Bc1 31. Na4 Bf4 32. Kf1 Kf8 33. Nc3
Ke8 34. a4 Bc1 35. b3 Nf4 36. Re5+ Kd7 37. Re4 g5 38. Ne2 Nxe2 39. Kxe2 Bb2 40.
Kd3 f6 41. Kc4 Ba1 42. b4 Bb2 43. b5 axb5+ 44. axb5 Ba1 45. Kd5 Bc3 46. c6+
bxc6+ 47. bxc6+ Kd8 48. f4 f5 49. Rc4 Bd2 50. fxg5 Bxg5 51. Ke6 f4 52. Kf5 Bh6
53. Kg4 Kc7 54. Kxh4 f3 55. gxf3 Bf8 56. Kg5 Bd6 57. h4 1-0

[Event "Cto Aragon Equipos 2016 Pref Gr II"]
[Site "Aragon"]
[Date "2016.02.06"]
[Round "2.68"]
[White "Sanchez Perez, Jose Felix"]
[Black "Garreta Nieto, Maria"]
[Result "0-1"]
[WhiteElo "1578"]
[BlackElo "1615"]
[PlyCount "64"]
[EventDate "2016.01.30"]
[WhiteTeam "Delicias B"]
[BlackTeam "Monzon"]

1. e4 c6 2. Nc3 d5 3. d4 dxe4 4. Nxe4 Bf5 5. Ng3 Bg6 6. Nf3 Nd7 7. Be2 e6 8. h4
h6 9. c3 Be7 10. Qb3 Qc7 11. Nf1 Ngf6 12. Ne3 O-O 13. g4 Nd5 14. h5 Be4 15. c4
Nf4 16. g5 hxg5 17. Nxg5 Bxh1 18. Ng4 Qa5+ 19. Bd2 Qxg5 20. Be3 Ng2+ 21. Kd2
Nxe3 22. fxe3 Be4 23. h6 g6 24. Nf2 Qg2 25. Nxe4 Qxe4 26. Qd1 Bb4+ 27. Kc1
Qxe3+ 28. Kc2 e5 29. dxe5 Nxe5 30. Qf1 Rad8 31. a3 Rd2+ 32. Kb1 Rxe2 0-1

[Event "Cto Aragon Equipos 2016 Pref Gr II"]
[Site "Aragon"]
[Date "2016.02.06"]
[Round "2.69"]
[White "Faro Perella, Alberto"]
[Black "Cebollada Pacheco, Jesus Raul"]
[Result "1-0"]
[WhiteElo "1966"]
[BlackElo "2015"]
[PlyCount "61"]
[EventDate "2016.01.30"]
[WhiteTeam "Binefar"]
[BlackTeam "St. Casablanca C"]

1. d4 d5 2. Nf3 Nf6 3. c4 e6 4. Nc3 c6 5. cxd5 exd5 6. Bg5 Be7 7. Bxf6 Bxf6 8.
e3 Bf5 9. Be2 Nd7 10. O-O O-O 11. b4 a6 12. a4 b5 13. a5 Qe7 14. Qb3 Qd6 15.
Ra2 Be7 16. Rb2 Rac8 17. Na2 Qg6 18. Rd1 Bd6 19. Nc1 Qh6 20. Nd3 f6 21. Nc5
Nxc5 22. dxc5 Bb8 23. g3 Rfe8 24. Rbd2 g5 25. h4 Be6 26. Rd4 Be5 27. hxg5 fxg5
28. Nxe5 Bf5 29. Ng4 Qe6 30. Nh2 Be4 31. Bd3 1-0

[Event "Cto Aragon Equipos 2016 Pref Gr II"]
[Site "Aragon"]
[Date "2016.02.06"]
[Round "2.71"]
[White "Saura Solano, Jose Luis"]
[Black "Abad Vinas, Jesus Manuel"]
[Result "0-1"]
[WhiteElo "1801"]
[BlackElo "1752"]
[PlyCount "156"]
[EventDate "2016.01.30"]
[WhiteTeam "Binefar"]
[BlackTeam "St. Casablanca C"]

1. Nf3 Nf6 2. c4 c5 3. g3 g6 4. Bg2 Bg7 5. Nc3 d6 6. O-O O-O 7. d4 Nbd7 8. Qc2
cxd4 9. Nxd4 Nb6 10. b3 Rb8 11. Rd1 Bd7 12. h3 Qc8 13. Kh2 Qc5 14. e3 Qh5 15.
Qe2 Qc5 16. Bb2 a6 17. Rac1 Qc8 18. e4 Qe8 19. Kg1 h6 20. Nd5 Nbxd5 21. exd5
Nh7 22. Re1 Bf6 23. a4 Qc8 24. g4 Re8 25. Qd3 Bg7 26. Re2 Nf6 27. Rce1 Qd8 28.
Bc3 h5 29. g5 Nh7 30. h4 Bg4 31. Bf3 Qd7 32. Bxg4 Qxg4+ 33. Qg3 Qd7 34. Qe3 Be5
35. Qf3 Rbc8 36. Kg2 Bg7 37. Qe4 Be5 38. Qf3 Bg7 39. Bb2 Nf8 40. Qh3 Qxh3+ 41.
Kxh3 Rc7 42. f4 Nh7 43. Kg3 Nf8 44. Kf3 Nd7 45. Rc2 Nc5 46. Re3 Nd7 47. Rce2
Nc5 48. Kg3 Bh8 49. Nf3 Bxb2 50. Rxb2 Kg7 51. Rbe2 Kf8 52. Nd4 Nd7 53. f5 Ne5
54. fxg6 Nxg6 55. Rf2 Kg8 56. Nf5 Ne5 57. Nh6+ Kg7 58. Nf5+ Kg6 59. Rf4 Rf8 60.
Re2 Rd7 61. Rf1 Rc7 62. Nd4 Kg7 63. Ref2 Kh7 64. Ne6 Rcc8 65. Nxf8+ Rxf8 66.
Rf5 Kg6 67. R5f4 Nd7 68. Re4 Ne5 69. Rc1 f5 70. gxf6 Rxf6 71. Rc3 Kg7 72. c5
Kg6 73. c6 bxc6 74. dxc6 Rf8 75. c7 Rc8 76. Rb4 Nd7 77. Rb7 Nc5 78. Ra7 Ne4+
0-1

[Event "Cto Aragon Equipos 2016 Pref Gr II"]
[Site "Aragon"]
[Date "2016.02.06"]
[Round "2.72"]
[White "Vela Frago, Alberto"]
[Black "Rosa Garcia, Jesus"]
[Result "1-0"]
[WhiteElo "1504"]
[BlackElo "1741"]
[PlyCount "103"]
[EventDate "2016.01.30"]
[WhiteTeam "St. Casablanca C"]
[BlackTeam "Binefar"]

1. e4 c5 2. Nf3 g6 3. g3 Bg7 4. Bg2 Qb6 5. c3 Nf6 6. d3 O-O 7. O-O d6 8. Nbd2
Bg4 9. Nc4 Qc7 10. Bf4 Nh5 11. Bd2 Nc6 12. Qc2 Rad8 13. Rac1 Qc8 14. Ne3 Bd7
15. Rfd1 Ne5 16. Nxe5 Bxe5 17. f4 Bg7 18. Rf1 Bh3 19. Rf2 Nf6 20. Rcf1 Bxg2 21.
Kxg2 Ng4 22. Nxg4 Qxg4 23. f5 Qh5 24. Rf4 g5 25. R4f2 d5 26. Be3 d4 27. Bd2 Be5
28. c4 f6 29. Rh1 Qe8 30. h4 g4 31. h5 e6 32. Qd1 exf5 33. Rxf5 Kf7 34. Rhf1
Ke6 35. Qxg4 Kd6 36. Bf4 Rg8 37. Rxf6+ Kc7 38. Bxe5+ Qxe5 39. Qf4 Qxf4 40.
R1xf4 Rd7 41. Rf7 Rg7 42. Rxd7+ Kxd7 43. Kh3 b6 44. g4 Ke6 45. Kh4 h6 46. Rf5
Kd7 47. g5 hxg5+ 48. Rxg5 Rf7 49. Rf5 Rg7 50. Rf3 Rg2 51. h6 Ke6 52. h7 1-0

[Event "Cto Aragón Equipos 2016 D. Honor Gr I"]
[Site "Aragon"]
[Date "2016.02.13"]
[Round "3.1"]
[White "Garza Marco, Sergio"]
[Black "Del Rey, Diego"]
[Result "1/2-1/2"]
[WhiteElo "2398"]
[BlackElo "2388"]
[PlyCount "81"]
[EventDate "2016.??.??"]
[WhiteTeam "Helios"]
[BlackTeam "El Olivar A"]

1. d4 d5 2. c4 e6 3. Nf3 Nf6 4. g3 Be7 5. Bg2 O-O 6. O-O dxc4 7. Qc2 a6 8. a4
Bd7 9. Qxc4 Bc6 10. Bg5 Nbd7 11. Nc3 a5 12. Qd3 Bb4 13. Rfd1 h6 14. Bf4 Nb6 15.
Ne5 Bxg2 16. Kxg2 Nfd5 17. Bd2 Qe8 18. e4 Nxc3 19. bxc3 Bd6 20. Nc4 Nxc4 21.
Qxc4 c6 22. Rab1 Rb8 23. Qa2 Qd7 24. c4 Bc7 25. d5 exd5 26. exd5 cxd5 27. cxd5
b5 28. axb5 Rxb5 29. Rxb5 Qxb5 30. Rc1 Bb6 31. Rb1 Qa6 32. Bc3 Bc7 33. Qa1 Qg6
34. Rb7 Rc8 35. Kg1 Qg5 36. Qb2 Bd6 37. Qd2 a4 38. Ra7 a3 39. Ra6 Qxd2 40. Bxd2
Bc5 41. Bc1 1/2-1/2

[Event "Cto Aragón Equipos 2016 D. Honor Gr I"]
[Site "Aragon"]
[Date "2016.02.13"]
[Round "3.2"]
[White "Chueca Forcen, Alberto"]
[Black "Guzman Moneo, Alberto"]
[Result "1-0"]
[WhiteElo "2267"]
[BlackElo "2211"]
[PlyCount "81"]
[EventDate "2016.??.??"]
[WhiteTeam "El Olivar A"]
[BlackTeam "Helios"]

1. e4 e5 2. Nf3 Nc6 3. Bc4 Bc5 4. O-O d6 5. c3 Bg4 6. h3 Bxf3 7. Qxf3 Nf6 8. d3
O-O 9. a4 a6 10. Bg5 h6 11. Bh4 g5 12. Bg3 Ne8 13. b4 Ba7 14. Na3 Qf6 15. Qg4
Qg6 16. h4 Nf6 17. Qf3 Nh5 18. Kh2 Nd8 19. Nc2 Ne6 20. Ne3 Nhf4 21. Nf5 Rae8
22. Bxf4 exf4 23. h5 Qf6 24. d4 Bb8 25. g4 Ng7 26. b5 a5 27. Bd5 Nxf5 28. exf5
c5 29. bxc6 bxc6 30. Bxc6 Rc8 31. Rab1 Rc7 32. Rb7 Rxb7 33. Bxb7 Qe7 34. Rb1
Ba7 35. Qd3 Kg7 36. Kg2 Bb8 37. Bd5 Bc7 38. Rb7 Rb8 39. f6+ Kxf6 40. Qh7 Qd8
41. Qxf7# 1-0

[Event "Cto Aragón Equipos 2016 D. Honor Gr I"]
[Site "Aragon"]
[Date "2016.02.13"]
[Round "3.3"]
[White "Cerrajeria Ruiz, Jesus Maria"]
[Black "Palacios Latasa, Elias"]
[Result "1/2-1/2"]
[WhiteElo "2210"]
[BlackElo "2238"]
[PlyCount "124"]
[EventDate "2016.??.??"]
[WhiteTeam "Helios"]
[BlackTeam "El Olivar A"]

1. g3 e5 2. Bg2 Nf6 3. c4 c6 4. d4 e4 5. Nc3 d5 6. cxd5 cxd5 7. Nh3 Bb4 8. O-O
Bxc3 9. bxc3 O-O 10. Qb3 Nc6 11. Bg5 Na5 12. Bxf6 Nxb3 13. Bxd8 Nxa1 14. Be7
Re8 15. Ba3 Nc2 16. Bb2 Bg4 17. Rc1 Nxd4 18. cxd4 Rac8 19. Nf4 Rxc1+ 20. Bxc1
Rc8 21. Be3 Rc2 22. Nxd5 Rxe2 23. Bxe4 Bh3 24. f4 Be6 25. Bf3 Rxa2 26. f5 Bd7
27. f6 b5 28. Bf4 Be6 29. Ne7+ Kf8 30. Bc6 gxf6 31. Bd6 a6 32. d5 Bh3 33. Ng6+
Kg7 34. Nf4 Bg4 35. h3 Bf3 36. g4 Rd2 37. Kf1 f5 38. g5 f6 39. h4 Kf7 40. Ke1
Rh2 41. Bd7 Rxh4 42. Be6+ Kg7 43. gxf6+ Kxf6 44. Bc7 Rh2 45. d6 Bc6 46. d7 Bxd7
47. Bxd7 Rc2 48. Nd5+ Kf7 49. Bxf5 Rc5 50. Be4 b4 51. Bb6 Rb5 52. Bd4 a5 53.
Kd2 a4 54. Kd3 b3 55. Kc4 Rb8 {[%cal Re4h7,Gd5b6]} 56. Bxh7 a3 57. Nb4 b2 58.
Kb3 Rd8 59. Kc4 Rc8+ 60. Kb3 Rd8 61. Kc4 Rc8+ 62. Kb3 Rd8 1/2-1/2

[Event "Cto Aragón Equipos 2016 D. Honor Gr I"]
[Site "Aragon"]
[Date "2016.02.13"]
[Round "3.4"]
[White "Hernando Garcia, Antonio"]
[Black "Calvo Simon, Jorge"]
[Result "1-0"]
[WhiteElo "2164"]
[BlackElo "2138"]
[PlyCount "115"]
[EventDate "2016.??.??"]
[WhiteTeam "El Olivar A"]
[BlackTeam "Helios"]

1. c4 g6 2. Nf3 Bg7 3. g3 e5 4. Nc3 f5 5. d3 d6 6. Bg2 h6 7. O-O Nf6 8. Rb1 O-O
9. b4 Nc6 10. b5 Ne7 11. a4 Be6 12. Qb3 Rc8 13. Nd2 b6 14. a5 g5 15. axb6 axb6
16. Bb2 Qe8 17. Bf3 Kh8 18. Ra1 f4 19. Nce4 Ng4 20. h3 Nf6 21. g4 Ng6 22. Nxf6
Bxf6 23. Bc6 Qf7 24. f3 h5 25. Kf2 Qh7 26. Rh1 Kg7 27. Rag1 Rh8 28. Qd1 Kf7 29.
Be4 Qg7 30. Bxg6+ Qxg6 31. Ne4 Be7 32. e3 Rh6 33. exf4 exf4 34. Kg2 Ra8 35. Qb3
Bf8 36. Ra1 Rxa1 37. Bxa1 Bg7 38. Bxg7 Qxg7 39. Qc3 Qxc3 40. Nxc3 hxg4 41. hxg4
Rxh1 42. Kxh1 Kf6 43. Kg2 Ke5 44. Ne4 Kd4 45. Nxg5 Bg8 46. Nh3 Kxd3 47. Nxf4+
Kxc4 48. g5 d5 49. g6 d4 50. Kf2 Kc3 51. Ne2+ Kc4 52. Ng3 Kc3 53. f4 d3 54. Ke3
Bd5 55. Nf1 Be6 56. Ke4 Kc4 57. f5 Bg8 58. f6 1-0

[Event "Cto Aragón Equipos 2016 D. Honor Gr I"]
[Site "Aragon"]
[Date "2016.02.13"]
[Round "3.5"]
[White "Llanes Luno, Ricardo"]
[Black "Glavina, Pablo"]
[Result "0-1"]
[WhiteElo "2170"]
[BlackElo "2382"]
[PlyCount "70"]
[EventDate "2016.??.??"]
[WhiteTeam "Delicias"]
[BlackTeam "St. Casablanca A"]

1. e4 e5 2. d4 exd4 3. Qxd4 Nc6 4. Qe3 Nf6 5. Nc3 g6 6. Be2 d6 7. h4 h5 8. Bd2
Bg7 9. Nd5 O-O 10. Bc3 Re8 11. O-O-O Nxd5 12. Rxd5 Bxc3 13. Qxc3 Rxe4 14. Rg5
Rxh4 15. Qg3 Qxg5+ 16. Qxg5 Rxh1 17. Kd2 Rxg1 18. Bxh5 Bf5 19. Kc3 Re8 20. Bf3
Re5 21. Bxc6 Rc5+ 22. Kb4 Rxc6 23. c4 a5+ 24. Kxa5 Rxc4 25. b3 Rc5+ 26. Kb4 Kg7
27. g3 Rc2 28. Qe3 Rxa2 29. Qc3+ Kg8 30. Qxc7 Rd1 31. Qxb7 Rd3 32. Qe7 Be6 33.
Qd8+ Kg7 34. Kb5 Rxb3+ 35. Kc6 Rc2+ 0-1

[Event "Cto Aragón Equipos 2016 D. Honor Gr I"]
[Site "Aragon"]
[Date "2016.02.13"]
[Round "3.6"]
[White "Quintin Navarro, Alberto"]
[Black "Roche Simon, Manuel Angel"]
[Result "1-0"]
[WhiteElo "2355"]
[BlackElo "2143"]
[PlyCount "71"]
[EventDate "2016.??.??"]
[WhiteTeam "St. Casablanca A"]
[BlackTeam "Delicias"]

1. Nf3 d5 2. c4 e6 3. g3 Nf6 4. Bg2 Be7 5. O-O O-O 6. d4 Nbd7 7. Qc2 a6 8. b3
b6 9. cxd5 exd5 10. Ne5 Nb8 11. Nc3 Bb7 12. Rd1 Nbd7 13. Qf5 c6 14. e4 g6 15.
Qh3 dxe4 16. Bh6 Re8 17. Nxe4 Nxe4 18. Qxd7 Qxd7 19. Nxd7 Nc3 20. Rd3 Ne2+ 21.
Kf1 Rad8 22. Nxb6 Nxd4 23. Rad1 Bf6 24. Nc4 Bc8 25. Re3 Bg4 26. Rd2 c5 27.
Rxe8+ Rxe8 28. Be3 Rd8 29. Nb6 Be6 30. Rd1 Rd6 31. Na4 c4 32. Nc5 cxb3 33. axb3
Bg4 34. f3 Bf5 35. g4 Bc8 36. Ne4 1-0

[Event "Cto Aragón Equipos 2016 D. Honor Gr I"]
[Site "Aragon"]
[Date "2016.02.13"]
[Round "3.7"]
[White "Llanes Luno, Pedro Alfredo"]
[Black "Lopez Gracia, Fernando"]
[Result "0-1"]
[WhiteElo "2103"]
[BlackElo "2346"]
[PlyCount "60"]
[EventDate "2016.??.??"]
[WhiteTeam "Delicias"]
[BlackTeam "St. Casablanca A"]

1. e4 e5 2. Nf3 Nc6 3. d4 exd4 4. Nxd4 Qf6 5. Nxc6 Bc5 6. Qd2 dxc6 7. Bd3 Nh6
8. h3 Qh4 9. Nc3 Be6 10. Rf1 O-O-O 11. Qg5 Qxg5 12. Bxg5 f6 13. Bxh6 gxh6 14.
a3 Rhg8 15. Ne2 Bd6 16. g3 Bxh3 17. Rh1 Bg2 18. Rh2 Bf3 19. Rxh6 Rge8 20. Rh4
c5 21. Ng1 Bg2 22. O-O-O c4 23. Bxc4 Rxe4 24. Rxe4 Bxe4 25. Be6+ Kb8 26. Bd5
Bg6 27. Nf3 Bc5 28. Rd2 Re8 29. Kd1 Bh5 30. Kc1 c6 0-1

[Event "Cto Aragón Equipos 2016 D. Honor Gr I"]
[Site "Aragon"]
[Date "2016.02.13"]
[Round "3.8"]
[White "Chueca Lorente, Javier"]
[Black "Lamas Mercadal, Manuel"]
[Result "0-1"]
[WhiteElo "2092"]
[BlackElo "2084"]
[PlyCount "74"]
[EventDate "2016.??.??"]
[WhiteTeam "St. Casablanca A"]
[BlackTeam "Delicias"]

1. c4 e5 2. g3 Nc6 3. Bg2 Bc5 4. Nc3 a6 5. d3 d6 6. Nf3 Nge7 7. O-O O-O 8. e3
Ba7 9. Rb1 Bf5 10. b4 Qd7 11. b5 axb5 12. Rxb5 Rab8 13. d4 exd4 14. exd4 Bg4
15. Be3 Nf5 16. Qd3 Bxf3 17. Rxf5 Bxg2 18. Kxg2 Ne7 19. Rh5 f5 20. Bg5 Ng6 21.
Nb5 Bb6 22. Qb3 Kh8 23. Rd1 Rbe8 24. Nc3 f4 25. f3 Qf7 26. g4 Re3 27. Qc2 Rfe8
28. Rd2 Ba5 29. Rd3 Bxc3 30. Qxc3 Re2+ 31. Kh3 Rxa2 32. Rd2 Re3 33. Qc1 Rxd2
34. Qxd2 Qxc4 35. Bh4 Qf1+ 36. Qg2 Rxf3+ 37. Bg3 fxg3 0-1